000 00533nmm a2200169Ia 4500
008 251105s9999||||xx |||||||||||||||||und||
020 _a8477336881
041 _aspa
100 _aBeltrán Lloris, Francisco (ed.)
245 0 _aAntiqua Iuniora : en torno al Mediterráneo en la Antigüedad
264 _a[Madrid, España] :
_bPrensas Universitarias de Zaragoza,
_c2004
300 _a270 páginas
490 _aCiencias sociales
650 _aArcheology
856 _uhttps://public.digitaliapublishing.com/a/2579
942 _cCF
999 _c73404
_d73404